| 000 | 01007nam a2200217 a 4500 | ||
|---|---|---|---|
| 005 | 20250116063842.0 | ||
| 008 | 021115s1961 ag r 000 0 spa d | ||
| 035 | _aUPN01000121030 | ||
| 049 | _aCG | ||
| 050 | 4 |
_aLB1025 _bM47 1961 |
|
| 245 | 0 | 0 |
_aMétodos de la nueva educación / _cLorenzo Luzuriaga ... [et al.]. |
| 250 | _a2a ed. | ||
| 260 |
_aBuenos Aires : _bLosada, _c1961. |
||
| 300 | _a376 p. | ||
| 440 | 0 | _aPublicaciones de la Revista de Pedagogía | |
| 505 | 8 |
_aContenido: _tConcepto de la nueva educación / Lorenzo Luzuriaga -- _tEl método de proyectos / Fernando Sainz -- _tEl método Decroly / Antonio Ballesteros -- _tEl método Montessori / Leonor Serrano -- _tEl método Cousinet / Concepción Saín-Amor -- _tEl plan Dalton / Fernando Saínz -- _tLa escuela individualizada / Carleton Washburne -- _tEl método Mackinder / Margatita Comas |
|
| 650 | 4 |
_aEducación _9682 |
|
| 650 | 4 |
_aEducación _xHistoria _96182 |
|
| 700 | 1 |
_aLuzuriaga, Lorenzo, _d1889-1959 _ecoaut. _930333 |
|
| 905 | _aLibro | ||
| 999 |
_c93338 _d93338 |
||